00671nam a22001817a 450000500170000001000150001702000260003203500130005803700130007124500770008426000310016127000770019230000230026949001030029250000500039570000180044570000260046320130618125447.0 aENG-107484 a9780415842549c695.00 aEN-91017 bDBAD/PUB aThe role of the state /cedited by Mario Scerri [and] Helena M M Lastres aNew DelhibRoutledgec2013 a912Tolstoy House, 15-17 Tolstoy Marg, Connaught PlacebNew Delhie110001 ali,337p.c23cm(Hb) aBRICS-National systems of innovation ; edited by Jose E. Cassiolato [and] Maria Clara Couto Soares aIncludes bibliographical references and index aScerri, Mario aLastres, Helena M.M.